| 000 | 00914cab a2200241 4500 | ||
|---|---|---|---|
| 001 | ABS57415 | ||
| 008 | 090401t1997 xxu||||| |||| 00| 0 eng d | ||
| 035 | _a(Sirsi) u80250 | ||
| 041 | _aeng | ||
| 100 | _aSheridan, P | ||
| 245 | _aStay of proceedings: the new law in construction matters | ||
| 260 | _c1997 | ||
| 350 | _a0 | ||
| 490 |
_aArbitration and Dispute Resolution Law Journal _vJuly 1997, 208-220(13) |
||
| 520 | _aConsiders the impact of the Arbitration Act 1996 upon construction industry disputes. Describes the situation prior to the Act and the position under the Arbitration Act. | ||
| 650 | _aARBITRATION ACT 1996 | ||
| 650 | _aCONSTRUCTION DISPUTES | ||
| 650 | _aSTAY OF PROCEEDINGS | ||
| 650 | _aSUMMARY JUDGMENT PROCEEDINGS | ||
| 690 | _aMANAGEMENT-DISPUTE AVOIDANCE, MANAGEMENT AND RESOLUTION-DISPUTE MANAGEMENT AND RESOLUTION-ARBITRATION | ||
| 942 | _n0 | ||
| 948 | _c14/08/1997 | ||
| 999 |
_c50518 _d50518 |
||